| 000 | 01294cam a22002294a 4500 | ||
|---|---|---|---|
| 005 | 20250605164039.0 | ||
| 008 | 250528s ||||||||||||||||||||||||d | ||
| 035 | _a16929 | ||
| 020 | _a631194126 | ||
| 040 |
_aGR-AtMCL _bgre _dGR-AtMCL _eAACR2 |
||
| 245 | 1 | _aUnderstanding Children's Development / Third Edition | |
| 250 | _a3rd | ||
| 260 |
_bBlackwell Publishers, _c1998 |
||
| 300 | _a572 | ||
| 520 | _aA lucid and authoritative discussion of child development for beginning psychology students. Preface, Acknowledgements, Theories and Methods, Studying Development, The Biological Perspective, The Social World of the Child, Parents and Families, Friends and School, Becoming Socially Aware, Play, Helping Others and Moral Development, Adolescence, Children's Developing Minds, Perception, Language, Cognition: Piaget's Theory, Cognition: The Information Processing Approach, Children's Understanding of Mind, Learning in a Social Context, Intelligence and Attainment, The Social Context: Deprivation and Enrichment, Ethical Principles for Conducting Research with Human Participants, Careers in Psychology, References, Index. | ||
| 700 | 1 |
_aBlades Mark _92891 |
|
| 700 | 1 |
_aCowie Helen _92892 |
|
| 700 | 1 |
_aSmith Peter K _92893 |
|
| 942 | _cBK | ||
| 999 |
_c2374 _d2374 |
||